00438nam a2200181Ia 4500003000400000005001700004008004100021020001800062040000700080041000800087082001600095100002300111245005200134250000600186260003400192300001700226365001300243OSt20230327112242.0210423s2007 xx 000 0 und d a9788120327955 cAL aeng a657.48 NARR aNARAYANASWAMY (R). aFinancial accounting: a managerial perspective. a2 aNew DelhibOxford & IBHc2007 axiii,663bPB b325cINR